Desterritorio (Record no. 1431)

MARC details
000 -LEADER
campo de control de longitud fija 00822nam a2200145 4500
008 - DATOS DE LONGITUD FIJA--INFORMACIÓN GENERAL
campo de control de longitud fija 708 C965d
020 ## - NÚMERO INTERNACIONAL ESTÁNDAR DEL LIBRO
Número Internacional Estándar del Libro 97895636247717
082 ## - NÚMERO DE LA CLASIFICACIÓN DECIMAL DEWEY
Número de clasificación 708
Número de ítem C965d
100 ## - ENTRADA PRINCIPAL--NOMBRE DE PERSONA
Nombre de persona Cueto, Gonzalo
9 (RLIN) 6248
245 ## - MENCIÓN DEL TÍTULO
Título Desterritorio
Resto del título Líneas del vacío
260 ## - PUBLICACIÓN, DISTRIBUCIÓN, ETC.
Lugar de publicación, distribución, etc. Temuco, Chile
Nombre del editor, distribuidor, etc. Artes Visuales del Laboratorio de Arte y Cultura
Fecha de publicación, distribución, etc. 2015
300 ## - DESCRIPCIÓN FÍSICA
Extensión 104 p.
Otras características físicas ill
Dimensiones 21 x 15.5 cm
505 ## - NOTA DE CONTENIDO CON FORMATO
Título Prólogo Navegación
-- Introducción
-- Aproximaciones diagrama inicial
-- Informe 1 Espacios Fronterizos
-- Informe 2 Desterritorio
-- Informe 3 Niebla Luminosa
-- Desarmando Miradores
-- Fuera de Campo
-- Roce Imaginario
-- Líneas del Vacío
-- Informe 4 Guerra en el Desierto
-- La Tierra de Gonzalo Cueto. Ramiro Villarroel
-- Apariciones en Museos
-- Agradecimientos
650 ## - PUNTO DE ACCESO ADICIONAL DE MATERIA--TÉRMINO DE MATERIA
Subdivisión general Arte contemporáneo
-- arte visual
-- arte - exhibiciones
-- arte - geografías
-- arte - Chile
9 (RLIN) 6249
Holdings
Estatus retirado Estado de pérdida Fuente del sistema de clasificación o colocación Estado de daño No para préstamo Biblioteca de origen Biblioteca actual Ubicación en estantería Fecha de adquisición Total de préstamos Signatura topográfica completa Código de barras Visto por última vez Precio de reemplazo Tipo de ítem Koha
    Clasificación Decimal Dewey     Biblioteca LadoV Biblioteca LadoV   28/04/2018   708 C965d 004575 28/04/2018 28/04/2018 Material 01